Statistiques concernant Clic Les anciens monarques toujours vivants...

Cliquez ici pour prendre le quiz!

Statistiques générales

  • Ce quiz a été pris 24 fois
  • Le résultat moyen est 9 sur 11

Statistiques - réponses

HintRéponse% Correct
Espagne - A régné de 1975 à 2014Juan Carlos 1er
100%
Japon - A régné de 1989 à 2019Akihito
96%
Bulgarie - A régné de 1943 à 1946Siméon II
96%
Belgique - A régné de 1993 à 2013Albert II
92%
Danemark - A régné de 1972 à 2024Margrethe II
92%
Bhoutan - A régné de 1972 à 2006Jigme Singye Wangchuck
79%
Pays-Bas - A régné de 1980 à 2013Beatrix
75%
Qatar - A régné de 1995 à 2013Hamad ben Khalifa Al Thani
71%
Egypte et Soudan - A régné en 1952-1953Fouad II
63%
Tanzanie - A régné de 1963 à 1964Jamshid ben Abdallah
50%
Népal - A régné de 1950 à 1951 et de 2001 à 2008Gyanendra
46%

Distribution des résultats

Percentile par nombre de réponses

% des personnes avec chaque résultat

Votre développement - résultats

Vous n’avez pas pris ce quiz